000 00443nam a2200181Ia 4500
001 16277
005 20260306170257.0
008 260306t2000||||xx |||||||||||||| ||und||
041 _aESP
082 _a347.5L
_bA91
100 _aAvelino Sánchez, Esteban
_eAUT
245 0 _aNueva ley de títulos valores Nº 27287
260 _c2000
300 _a246 páginas :
_c24 cm.
650 _aGEN
654 _aCDE
942 _cLIB
_dJUS
_fJUS
_2ddc
_n
999 _c16277
_d16277